Guess the NBA Team by Clues - Statistics

General Stats
  • This quiz has been taken 56 times
  • The average score is 8 of 20
Answer Stats
Team % Correct
Toronto Raptors
86%
Cleveland Cavaliers
76%
Dallas Mavericks
74%
Boston Celtics
70%
Houston Rockets
68%
Los Angeles Lakers
60%
Philadelphia 76ers
52%
Minnesota Timberwolves
48%
Los Angeles Clippers
42%
Utah Jazz
42%
San Antonio Spurs
40%
Washington Wizards
40%
Miami Heat
22%
Milwaukee Bucks
18%
Brooklyn Nets
16%
New York Knicks
14%
Golden State Warriors
8%
Detroit Pistons
6%
Phoenix Suns
6%
Indiana Pacers
4%
No matching quizzes found
Score Distribution
Percent of People with Each Score
Percentile by Number Answered
Your Score History
You have not taken this quiz